[Event "RUS-ch"]
[Site "Elista"]
[Date "1996.??.??"]
[Round "8"]
[White "Dolmatov, Sergey"]
[Black "Namgilov, Sogto"]
[Result "1-0"]
[WhiteElo "2575"]
[BlackElo "2495"]
[Annotator "Boensch,U"]
[PlyCount "67"]
[EventDate "1996.10.15"]
[EventType "swiss"]
[EventRounds "11"]
[EventCountry "RUS"]
[SourceTitle "CBM 056"]
[Source "ChessBase"]
[SourceDate "1997.02.01"]
[SourceVersion "1"]
[SourceVersionDate "1997.02.01"]
[SourceQuality "1"]

1. e4 c5 2. Nf3 d6 3. d4 cxd4 4. Nxd4 Nf6 5. Nc3 a6 6. Be2 e6 7. O-O Be7 8. Be3
O-O 9. a4 Nc6 10. f4 Qc7 11. Kh1 Re8 12. Bf3 Rb8 13. g4 (13. Qd2 Nd7 (13... Bd7
14. Nb3 b6 15. g4 Bc8 16. g5 Nd7 17. Rad1 Bf8 18. Bg2 b5 19. axb5 axb5 20. Rf3
b4 $132 {1/2-1/2 Glek,I-Ribli,Z/EUCup f 1996 (28)}) 14. Rfd1 Nxd4 15. Bxd4 b6
16. Qf2 Bb7 17. f5 Bf6 18. fxe6 fxe6 19. Bxf6 Nxf6 $11 {1/2-1/2 Galkin,
A-Sokolov,A/RUS-ch 1996 (24)}) 13... Nxd4 14. Bxd4 e5 15. fxe5 dxe5 16. Ba7 Ra8
17. g5 Rd8 (17... Bb4 18. gxf6 (18. Na2 a5 19. Be3 Nd7 20. Nxb4 axb4 21. Qd2
Nf8 22. Qxb4 Qxc2 23. Rfc1 Qd3 {1-0 Tiviakov,S-Marcantoni,H/Paris-ch (08)/1991/
(51)}) 18... Bxc3 19. Qc1 Bb4 20. Be3 Bf8 $2 (20... g6 $13) 21. Bh6 $3 $16 {
1-0 Tiviakov,S-Beshukov,S/RUS-ch 1996 (29)}) (17... Rxa7 18. gxf6 Bxf6 19. Nd5
Qd8 20. Nxf6+ gxf6 21. Qc1 Kh8 22. Rg1 Rg8 23. Qh6 Rg6 24. Rad1 Qe7 25. Qd2 Be6
{1/2-1/2 Sutovskij,E-Zoler,D/ISR-ch (06)/1994/ (42)}) (17... Nd7 18. Nd5 Qc6
19. Be3 Bc5 20. Bh5 g6 21. Qf3 Rf8 22. Bg4 b6 23. Bxd7 Bxd7 24. Bxc5 bxc5 {
1-0 Fishbein,A-MacArthur,J/New York op '60 Newark (01) 1996}) 18. Qe2 (18. Qc1
Rxa7 19. gxf6 Bxf6 20. Nd5 Qc6 21. Nxf6+ Qxf6 22. Bh5 Qh4 23. Bxf7+ Kh8 24. Bd5
Bh3 25. Rf3 $14 {Kaiumov,D-Semeniuk,A/Vladivostok2 op (06)/1995/1-0 (78)})
18... Ne8 (18... Rxa7 19. gxf6 Bxf6 20. Nd5 Rxd5 21. exd5 Be7 22. Be4 Bd6 23.
Qd3 h6 24. Rf3 $16 {1-0 Tiviakov,S-Andruet,G/Torcy op/1991/ (29)}) 19. Be3 Be6
20. Qf2 Qc4 (20... Rdc8 21. Bg4 Nd6 22. Bxe6 fxe6 23. g6 Rf8 24. Qg2 Rxf1+ 25.
Rxf1 Rf8 {1/2-1/2 Riemersma,L-Ligterink,G/NLD-ch/1987/ (36)}) 21. Nd5 $1 (21.
Bb6 Rdc8 22. Be3 Bc5 23. Rad1 (23. Bxc5 Rxc5 24. Be2 Qb4 25. Bg4 Bc4 26. Be2
Nd6 $15) 23... Bxe3 24. Qxe3 Qb4 25. Rd3 Rd8 26. b3 Rd4 $1 $17 {Topalov,
V-Kasparov,G/Erevan olm 1996/0-1 (63)}) 21... Bxd5 22. b3 $1 (22. exd5 Rac8 $15
) 22... Qc3 (22... Qc6 23. exd5 Qg6 24. Bg2 Nd6 25. c4 $16) 23. exd5 Nd6 24.
Rac1 Rac8 (24... e4 25. Bg2 (25. Bg4 Qe5 26. c4 Bxg5 $13) (25. Bh5 f5 26. gxf6
(26. Bd2 Qh3 $15) 26... Bxf6 $132) 25... Qe5 26. c4 Bxg5 27. Bxg5 (27. Bd4 Qe7
28. c5 Bxc1 29. cxd6 Rxd6 30. Bc5 (30. Rxc1 Rxd5 $19) 30... Bg5 31. Bxd6 Qxd6
32. Qxf7+ Kh8 $11) 27... Qxg5 28. c5 e3 (28... Qxd5 29. cxd6 Rxd6 30. Qf4 $18)
29. Qf3 Rac8 30. b4 $16 (30. cxd6 e2 31. Qxf7+ Kh8 32. Rxc8 exf1=Q+ 33. Bxf1
Rxc8 34. d7 Rg8 $13)) 25. Bd2 Qb2 26. c4 Qxb3 27. c5 Nf5 (27... Nc4 28. d6 Nxd2
(28... Nxd6 29. Rc3 Qa2 30. cxd6 Bxd6 31. Bxb7 $16) 29. Qxd2 (29. dxe7 Rd4 $17)
29... b6 30. Bd5 (30. cxb6 Rxc1 31. Qxc1 Bxd6 $17) 30... Bxg5 31. Qg2 Qe3 32.
Rce1 Qd2 33. Re2 Qd3 34. Rxe5 h6 35. Rxf7 Kh8 36. d7 Rb8 37. c6 $18) 28. d6
Bxd6 (28... Bf8 29. Rb1 Qc2 30. Bxb7 (30. Rfc1 Qxa4 31. Bxb7 Nxd6 32. cxd6
Rxc1+ 33. Rxc1 Rxd6 $11) 30... Rxc5 31. Bb4 (31. Rfc1 Qd3 32. Qxc5 Qxd2 $13) (
31. Rbc1 Qb3) 31... Qxf2 32. Rxf2 Rc4 33. Rxf5 Rb8 34. Bd5 Rcxb4 35. Rxb4 Rxb4
36. d7 $18) (28... Nxd6 29. Rc3 Qa2 30. cxd6 Bxd6 31. Bxb7 $18) 29. cxd6 Rxc1
30. Rxc1 Qxa4 $2 (30... Nxd6 31. a5 $16) 31. Qb6 Qd7 32. Ba5 Re8 33. Bb4 Ng3+
$2 (33... Nd4 34. Qxb7 Qf5 35. d7 Rd8 36. Be7 Nxf3 37. Rc8 h6 38. g6 $18) 34.
hxg3 (34. hxg3 Qh3+ 35. Kg1 Qxg3+ 36. Bg2 $18) 1-0

[Event "Nikolaev zt"]
[Site "Nikolaev"]
[Date "1993.??.??"]
[Round "?"]
[White "Komliakov, Viktor"]
[Black "Gadjily, Raouf"]
[Result "1-0"]
[WhiteElo "2435"]
[BlackElo "2365"]
[Annotator "Boensch,U"]
[PlyCount "51"]
[EventDate "1993.03.??"]
[EventType "swiss"]
[EventRounds "11"]
[EventCountry "RUS"]
[SourceTitle "CBM 035"]
[Source "ChessBase"]
[SourceDate "1993.08.01"]
[SourceVersion "1"]
[SourceVersionDate "1993.08.01"]
[SourceQuality "1"]

1. e4 c5 2. Nf3 d6 3. d4 cxd4 4. Nxd4 Nf6 5. Nc3 a6 6. f4 e6 7. Be2 Be7 8. O-O
Qc7 9. Kh1 O-O 10. Qe1 Nc6 11. Be3 e5 $6 (11... Bd7 12. Qg3 Kh8 13. Nf3 Nb4 14.
e5 dxe5 15. fxe5 Nfd5 16. Bg5 f6 17. Nxd5 Nxd5 18. c4 fxg5 19. cxd5 exd5 20.
Nxg5 Bf5 21. Bd3 $16 {Varavin,V-Shestoperov,A USSR 1991 1-0 34 -Inf.53/222}) (
11... Nxd4 12. Bxd4 b5 13. a3 Bb7 14. Qg3 Bc6 15. Rae1 Qb7 16. Bd3 b4 17. axb4
Qxb4 18. Ne2 Qb7 19. e5 Nh5 20. Qh3 g6 21. Bc3 dxe5 $6 (21... Bb5 $10 {(Kirov)}
) 22. Bxe5 $16 {Balinov,I-Kirov,N Bulgaria 1990 1-0 38 -Inf.52/232}) 12. fxe5 (
12. Nxc6 bxc6 13. Qg3 Kh8 14. fxe5 dxe5 15. Bc4 Rb8 16. b3 a5 17. Bg5 Ng4 18.
Bd2 $16 {Loskutov,O-Kluner,L URS Army-chT Simferopol 1990 1-0 42}) 12... dxe5
13. Qg3 Kh8 14. Nf5 Bxf5 $8 15. Rxf5 $16 Ng8 16. Raf1 f6 17. Nd5 Qd6 18. Rh5 $1
Nd4 19. Qh3 $1 $18 (19. Qg6 $2 Nh6 $19) 19... h6 20. Bxh6 $3 gxh6 21. Rxh6+
Nxh6 22. Qxh6+ Kg8 23. Bc4 Ne6 (23... Rf7 24. Nxf6+ Bxf6 25. Rxf6 Qxf6 $8 26.
Qxf6 Raf8 27. Qg6+ Kh8 28. Bxf7 $18) 24. Qg6+ Kh8 25. Rf3 Ng5 26. Rh3+ $1 {
Boensch} (26. Rh3+ $1 Nxh3 27. Qh6+ Kg8 28. Nxf6#) 1-0

[Event "Hoogovens-B"]
[Site "Wijk aan Zee"]
[Date "1997.01.25"]
[Round "4"]
[White "Van der Wiel, John"]
[Black "Dao, Thien Hai"]
[Result "1-0"]
[WhiteElo "2555"]
[BlackElo "2555"]
[Annotator "Boensch,U"]
[PlyCount "121"]
[EventDate "1997.01.21"]
[EventType "tourn"]
[EventRounds "11"]
[EventCountry "NED"]
[EventCategory "10"]
[SourceTitle "CBM 057"]
[Source "ChessBase"]
[SourceDate "1997.04.01"]
[SourceVersion "1"]
[SourceVersionDate "1997.04.01"]
[SourceQuality "1"]

1. e4 c5 2. Nf3 d6 3. d4 cxd4 4. Nxd4 Nf6 5. Nc3 a6 6. a4 Nc6 7. Be2 e6 8. O-O
Be7 9. Be3 O-O 10. f4 Qc7 11. Kh1 Re8 12. Bf3 Rb8 13. g4 Nxd4 14. Bxd4 e5 15.
fxe5 dxe5 16. Ba7 Ra8 17. g5 Rd8 (17... Bb4 {-Survey CBM56} 18. Na2 (18. gxf6
Bxc3 19. Qc1 Bb4 20. Be3 Bf8 $2 21. Bh6 $3 $16 {1-0 Tiviakov,S-Beshukov,S/
RUS-ch 1996 (29)})) (17... Nd7 $2 18. Nd5 Qc6 19. Be3 Bc5 20. Bh5 g6 21. Qf3
Rf8 22. Bg4 b6 23. Bxd7 Bxd7 24. Bxc5 bxc5 {1-0 Fishbein,A-MacArthur,J/New
York op '60 Newark (01) 1996}) (17... Rxa7 18. gxf6 Bxf6 19. Nd5 Qd8 20. Nxf6+
gxf6 21. Qe1 $44) 18. Qe2 (18. Qc1 Rxa7 19. gxf6 Bxf6 20. Nd5 Qc6 21. Nxf6+
Qxf6 22. Bh5 Qh4 23. Bxf7+ Kh8 24. Bd5 Bh3 25. Rf3 $14 {Kaiumov,D-Semeniuk,A/
Vladivostok2 op (06)/1995/1-0 (78)}) 18... Ne8 (18... Rxa7 $2 19. gxf6 Bxf6 20.
Nd5 Rxd5 21. exd5 Be7 22. Be4 Bd6 23. Qd3 h6 24. Rf3 $16 {1-0 Tiviakov,
S-Andruet,G/Torcy op/1991/ (29)}) 19. Be3 Be6 20. Bg4 $5 $146 (20. Qf2 Rdc8 (
20... Qc4 $6 21. Nd5 $1 (21. Bb6 Rdc8 22. Be3 Bc5 23. Rad1 Bxe3 24. Qxe3 Qb4
25. Rd3 Rd8 $15 {Topalov,V-Kasparov,G/Erevan olm 1996/0-1 (63)}) 21... Bxd5 22.
b3 $1 Qc3 23. exd5 Nd6 24. Rac1 Rac8 25. Bd2 Qb2 26. c4 $1 Qxb3 27. c5 $16 {
1-0 Dolmatov,S-Namgilov,S/RUS-ch 1996 (33)}) 21. a5 (21. Bg4 Nd6 22. Bxe6 fxe6
23. g6 Rf8 (23... Bf6 24. Qg2 Qe7 25. Rf3 Nc4 $11 {0-1 Fishbein,A-Gligoric,S/
Moscow GMA-op 1989 (75)}) 24. Qg2 Rxf1+ 25. Rxf1 Rf8 26. Rxf8+ Bxf8 27. Qh3 $14
{1/2-1/2 Riemersma,L-Ligterink,G/NLD-ch 1987 (35)}) (21. Rad1 Bc5 22. Bxc5 Qxc5
23. Nd5 Bxd5 24. Rxd5 Qxc2 25. Rxe5 Qxf2 26. Rxf2 g6 $11 {1/2-1/2 Anand,
V-Kasparov,G/Las Palmas 1996 (33)}) (21. Bb6 $5 Qc4 22. a5 Qb4 $13) 21... Nd6
22. Na4 Rf8 (22... Nc4 $1) 23. b3 Nb5 24. Nb6 Rad8 $11 {1/2-1/2 Sax,
G-Bairachny,R/Budapest Spring op 1996 (48)}) 20... Bc4 21. Qf2 Qc6 22. b3 {
Weiß erzwingt das Qualitätsopfer, Kompensation erhält er durch das Läuferpaar
und die Kontrolle der weißen Felder.} (22. Be2 Nd6 $15) 22... Bxf1 23. Rxf1 f6
(23... Nd6 24. Nd5 Re8 25. c4 Kh8 26. Qg2 $44) 24. Nd5 Rxd5 $6 (24... Bf8 25.
gxf6 (25. c4 $44) 25... Nxf6 26. Nxf6+ gxf6 27. Qxf6 Qxf6 (27... Qxe4+ 28. Bf3
Qxe3 29. Rg1+ Qxg1+ 30. Kxg1 $18) 28. Rxf6 $44) 25. exd5 Qxd5+ 26. Bf3 e4 (
26... Qd7 27. Rd1 Nd6 28. gxf6 Bxf6 29. Bc5 Be7 30. Qd2 $16) 27. Be2 Rc8 (27...
Nd6 28. c4 Qc6 29. c5 Nf7 30. Bc4 $44) 28. c4 $1 (28. Bc4 $2 Rxc4 29. bxc4 Qxc4
$15) 28... Qc6 29. c5 Kf8 (29... Kh8 30. g6 h6 (30... Bxc5 31. Qh4 h6 32. Bxh6
$18) 31. Qh4 Bf8 $13) (29... Bxc5 $2 30. Rc1 Bxe3 (30... b6 31. b4) 31. Rxc6
Bxf2 32. Rxc8 Kf7 33. gxf6 $16) 30. b4 $1 Qd5 (30... Qxa4 31. Qf5 Rd8 32. Qxh7
$40) 31. Qh4 Kg8 32. Qh3 Rd8 33. Rc1 $1 {[%cal Ya2g8]} Qd7 34. Bg4 Qd3 35. Be6+
Kh8 36. Bc4 (36. Bf5 h6 $8 37. gxh6 g5 38. Re1 Qc3 39. Bf2 $16) 36... Qd7 (
36... Qa3 37. g6 h6 38. Qe6 $18) 37. Be6 Qd3 38. Bf5 h6 39. gxh6 g6 $2 (39...
g5 {-36.Bf5}) 40. Bxg6 $18 Nc7 41. Bf7 Qe2 42. Bh5 Qa2 43. Rg1 Rg8 44. Rxg8+ $2
{Weiß erschwert sich die Aufgabe, mit} (44. Rg7 $1 {gewinnt er die Partie in
wenigen Zügen.} Qb1+ (44... Ne6 45. Rxg8+ Kxg8 46. Bf7+ $3 Kxf7 47. Qh5+ Kg8 (
47... Kf8 48. h7 $18) 48. h7+ Kh8 49. Qf7 $18) 45. Bg1 Rxg7 46. hxg7+ Kxg7 47.
Qg3+ $18) 44... Qxg8 45. h7 Qd5 46. Qc8+ Bd8 47. Qg4 Qc4 48. h4 Qa2 49. Qxe4
Qxa4 50. Qg6 Qa1+ 51. Bg1 Qa2 52. Bf3 Qe6 53. Kg2 Nb5 54. h5 Be7 55. Bxb7 Nc7
56. Bf2 Bf8 57. Qg8+ Qxg8+ 58. hxg8=Q+ Kxg8 59. Bg3 Ne6 60. Bd5 Kf7 61. Bd6 1-0

[Event "RUS-ch"]
[Site "Elista"]
[Date "1996.??.??"]
[Round "9"]
[White "Tiviakov, Sergei"]
[Black "Beshukov, Sergei"]
[Result "1-0"]
[WhiteElo "2615"]
[BlackElo "2460"]
[Annotator "Boensch,U"]
[PlyCount "59"]
[EventDate "1996.10.15"]
[EventType "swiss"]
[EventRounds "11"]
[EventCountry "RUS"]
[SourceTitle "CBM 056"]
[Source "ChessBase"]
[SourceDate "1997.02.01"]
[SourceVersion "1"]
[SourceVersionDate "1997.02.01"]
[SourceQuality "1"]

1. e4 {Ftacnik} c5 2. Nf3 d6 3. d4 cxd4 4. Nxd4 Nf6 5. Nc3 a6 6. Be3 e6 7. Be2
Qc7 8. a4 Nc6 9. O-O Be7 10. f4 O-O 11. Kh1 Re8 12. Bf3 Rb8 13. g4 (13. Qd2 Nd7
(13... Bd7 14. Nb3 b6 15. g4 Bc8 16. g5 Nd7 17. Rad1 Bf8 18. Bg2 b5 19. axb5
axb5 20. Rf3 b4 $132 {1/2-1/2 Glek,I-Ribli,Z/EUCup f 1996 (28)}) 14. Rfd1 Nxd4
15. Bxd4 b6 16. Qf2 Bb7 17. f5 Bf6 18. fxe6 fxe6 19. Bxf6 Nxf6 $11 {1/2-1/2
Galkin,A-Sokolov,A/RUS-ch 1996 (24)}) 13... Nxd4 14. Bxd4 e5 15. fxe5 dxe5 16.
Ba7 Ra8 17. g5 Bb4 (17... Rd8 18. Qe2 (18. Qc1 Rxa7 19. gxf6 Bxf6 20. Nd5 Qc6
21. Nxf6+ Qxf6 22. Bh5 Qh4 23. Bxf7+ Kh8 24. Bd5 Bh3 25. Rf3 $14 {Kaiumov,
D-Semeniuk,A/Vladivostok2 op (06)/1995/1-0 (78)}) 18... Ne8 (18... Rxa7 19.
gxf6 Bxf6 20. Nd5 Rxd5 21. exd5 Be7 22. Be4 Bd6 23. Qd3 h6 24. Rf3 $16 {
1-0 Tiviakov,S-Andruet,G/Torcy op/1991/ (29)}) 19. Be3 Be6 20. Qf2 Qc4 (20...
Rdc8 21. Bg4 Nd6 22. Bxe6 fxe6 23. g6 $14 {1/2-1/2 Riemersma,L-Ligterink,G/
NLD-ch/1987/ (36)}) 21. Nd5 $1 (21. Bb6 $2 Rdc8 22. Be3 Bc5 23. Rad1 (23. Bxc5
Rxc5 24. Be2 Qb4 25. Bg4 Bc4 26. Be2 Nd6 $15) 23... Bxe3 24. Qxe3 Qb4 25. Rd3
Rd8 26. b3 Rd4 $1 $17 {0-1 Topalov,V-Kasparov,G/Erevan olm 1996 (63)}) 21...
Bxd5 22. b3 $1 (22. exd5 Rac8 $15) 22... Qc3 (22... Qc6 23. exd5 Qg6 24. Bg2
Nd6 25. c4 $16) 23. exd5 Nd6 24. Rac1 Rac8 25. Bd2 Qb2 26. c4 Qxb3 27. c5 Nf5
28. d6 $16 {1-0 Dolmatov,S-Namgilov,S/RUS-ch 1996 (33) -CBM 56}) (17... Rxa7
18. gxf6 Bxf6 19. Nd5 Qd8 20. Nxf6+ gxf6 21. Qc1 Kh8 22. Rg1 Rg8 23. Qh6 Rg6
24. Rad1 Qe7 25. Qd2 Be6 $15 {1/2-1/2 Sutovskij,E-Zoler,D/ISR-ch (06)/1994/ 
(42)}) (17... Nd7 18. Nd5 Qc6 19. Be3 Bc5 20. Bh5 g6 21. Qf3 Rf8 22. Bg4 b6 23.
Bxd7 $18 {1-0 Fishbein,A-MacArthur,J/New York op '60 Newark (01) 1996 (24)})
18. gxf6 $5 (18. Na2 a5 19. Be3 Nd7 20. Nxb4 axb4 21. Qd2 Nf8 22. Qxb4 Qxc2 23.
Rfc1 $14 {1-0 Tiviakov,S-Marcantoni,H/Paris-ch (08)/1991/ (51)}) 18... Bxc3 19.
Qc1 {! N Ftacnik} (19. bxc3 {Ftacnik} Rxa7 20. Qd2 Qc5 21. Qg5 g6 22. Rad1 Be6
23. Rd2 b5 24. axb5 axb5 25. Rfd1 Raa8 26. Bg2 Qf8 27. Re1 Qc5 28. Qh6 Qf8 29.
Qg5 {1/2-1/2 Lawson,D-Morrison,G/Edinburgh op/1989/}) 19... Bb4 (19... Rxa7 $2
{Ftacnik} 20. Qg5 g6 21. Qh6 $18) (19... gxf6 {Ftacnik} 20. bxc3 Rxa7 21. Qh6
$18) 20. Be3 (20. Qg5 g6 $15) 20... Bf8 $2 (20... g6 $13) (20... gxf6 {Ftacnik}
21. Bh6 Kh8 22. Rg1 $18) (20... g6 {Ftacnik} 21. c3 Bd6 22. Bh6 $40) (20... Be6
$5 {Ftacnik} 21. Bh6) 21. Bh6 $3 Qc6 (21... gxh6 22. Rg1+ Kh8 23. Qd2 Bh3 $8
24. Rg3 Qc6 (24... Bd7 25. Rg8+ Kxg8 26. Qg2+ Kh8 27. Rg1 $18) 25. Rag1 Be7 $8
26. fxe7 Bd7 27. Qg2 (27. Rg7 $40 {Ftacnik}) 27... Qf6 28. Bh5 $18) (21... gxf6
{Ftacnik} 22. Rg1+ Kh8 23. Bxf8 Rxf8 24. Qh6 $18) (21... Qd6 {Ftacnik} 22. Bxg7
Bxg7 23. Bh5 Bxf6 24. Qh6 Re6 25. Rg1+ Kh8 26. Raf1 Qe7 27. Rxf6 Qxf6 28. Qf8#)
22. Bxg7 (22. Qg5 $5 {Ftacnik} Qxf6 23. Bh5 Qxg5 24. Bxf7+ Kh8 25. Bxg5 Bd7 26.
Bxe8 Rxe8 $14) 22... Bxg7 23. fxg7 $16 Be6 {Ftacnik: Black has survived the
first wave of attack with limited damage, but he has to build up the
counterplay. Ftacnik: Schwarz hat die erste Angriffswelle überstanden, nun
aber muß er Gegenspiel aufbauen.} (23... Kxg7 {Ftacnik} 24. Rg1+ Kf8 25. Qg5
$16) 24. Rf2 a5 (24... Kxg7 $2 {Ftacnik} 25. Qg5+ Kf8 26. Qxe5 $18) (24... Rad8
$5 {Ftacnik}) 25. Qg5 Rad8 (25... Qb6 {Ftacnik} 26. Raf1 Qxb2 27. Bh5 Qd4 28.
Rxf7 Qxe4+ 29. R1f3 $1 Qe1+ 30. Kg2 Qe2+ 31. Rf2 Qe4+ 32. Kg1 $18) 26. b3 (26.
Qxe5 $6 {Ftacnik} Qb6 27. Qg3 Qxb2 28. Rg1 Qd4 $132) 26... Qc5 27. Raf1 {
Ftacnik: White is understandably trying to break closer to the black king.
Ftacnik: Verständlicherweise versucht Weiß, näher an den schwarzem König
heranzurücken.} Rd7 (27... Qe7 {Ftacnik} 28. Qxe5 $18) 28. Bh5 Rc8 $2 (28...
Qd4 29. Qh4 (29. Bg6 $2 hxg6 30. Qh6 Qxe4+ 31. Rg2 f5 32. Qxg6 Qxg2+ 33. Qxg2
Bd5 34. Rf3 Rxg7 $19) 29... Bd5 30. Re1 $16) 29. Qh6 Qc6 30. Bg6 $3 (30. Bg6 {
Ftacnik} fxg6 31. Rf8+) 1-0

[Event "Rakvere Keres Memorial"]
[Site "Rakvere"]
[Date "1993.??.??"]
[Round "10"]
[White "Yermolinsky, Alex"]
[Black "Ehlvest, Jaan"]
[Result "0-1"]
[WhiteElo "2605"]
[BlackElo "2620"]
[Annotator "Boensch,U"]
[PlyCount "72"]
[EventDate "1993.09.??"]
[EventType "tourn"]
[EventRounds "10"]
[EventCountry "EST"]
[EventCategory "15"]
[SourceTitle "CBM 038"]
[Source "ChessBase"]
[SourceDate "1994.02.01"]
[SourceVersion "1"]
[SourceVersionDate "1994.02.01"]
[SourceQuality "1"]

1. e4 c5 2. Nf3 d6 3. d4 cxd4 4. Nxd4 Nf6 5. Nc3 a6 6. Be2 e6 7. f4 Be7 8. O-O
O-O 9. Kh1 Qc7 10. a4 Nc6 11. Be3 Re8 12. Bd3 (12. Bf3 Rb8 13. Qd2 Bd7 14. Nb3
b6 15. Qf2 (15. Bf2 Bc8 16. Bg3 Bb7 17. Qf2 Rf8 18. Rae1 Nd7 19. e5 dxe5 20.
fxe5 Nc5 $10 {Kuzmin,G-Morozevich,A Alushta3 1993 -CBM 38}) 15... Nb4 16. Nd4
e5 17. Nf5 Bxf5 18. exf5 e4 19. Nxe4 Qxc2 $10 {Ivanchuk,V-Kasparov,G Linares 
(02) 1/2 26}) 12... Nb4 13. Qe1 Bd7 14. a5 Nxd3 15. cxd3 Bc6 16. Qg3 Bf8 $5 (
16... Rac8 17. Nf3 Bf8 18. Bd4 Qe7 19. e5 Nh5 20. Qg4 g6 21. Ne4 Bxe4 $10 {
Khalifman,A-Hjartarson,J Reykjavik WCup (07) 1991 1/2 43}) (16... Nd7 17. Rfc1
Qd8 18. f5 Nf8 19. fxe6 fxe6 20. Nxc6 bxc6 21. Na4 Bh4 22. Qf3 Nd7 $10 {
Smirin,I-Woitkiewicz,A EU-ch (02) ISL-POL 1992 1/2 25}) 17. f5 (17. Nf3 $5)
17... e5 18. Nc2 d5 19. Bg5 Nh5 20. Qg4 dxe4 $1 21. Qxh5 $6 (21. dxe4 g6 (21...
Nf4 $132) 22. Ne3 $14) 21... exd3 $44 22. Ne3 f6 23. Bh4 Rad8 24. Rfd1 Kh8 25.
Bf2 Qc8 26. Rac1 e4 27. Ncd5 Qb8 28. Nb6 Bd6 29. Qg4 Bf4 30. Bg3 $2 Bxe3 $3 31.
Bxb8 Bxc1 32. Rxc1 e3 $1 33. Nc4 d2 $19 34. Rg1 Re4 35. Qe2 Rxc4 36. Ba7 Rc1 (
36... Rc1 37. Bxe3 Rxg1+ $19) 0-1

[Event "London WFW"]
[Site "London"]
[Date "1990.??.??"]
[Round "?"]
[White "King, Daniel J"]
[Black "Wolff, Patrick G"]
[Result "0-1"]
[WhiteElo "2515"]
[BlackElo "2500"]
[Annotator "Boensch,U"]
[PlyCount "56"]
[EventDate "1990.04.??"]
[EventType "tourn"]
[EventRounds "13"]
[EventCountry "ENG"]
[EventCategory "11"]
[SourceTitle "CBM 018"]
[Source "ChessBase"]
[SourceDate "1990.10.01"]
[SourceVersion "1"]
[SourceVersionDate "1990.10.01"]
[SourceQuality "1"]

1. e4 {Bönsch} c5 2. Nf3 e6 3. d4 cxd4 4. Nxd4 Nc6 5. Nc3 d6 6. Be2 Nf6 7. O-O
Be7 8. Be3 O-O 9. f4 a6 10. a4 Qc7 11. Qe1 Nb4 $5 {11...Ld7; 11...Sd4} 12. Rc1
b6 13. Kh1 Bb7 14. Bf3 d5 15. e5 Ne4 16. Bxe4 (16. Nxe4 dxe4 17. Be2 Nd5 $15)
16... dxe4 17. Qg3 Nc6 $1 (17... Nd5 $6 18. Nxd5 Bxd5 19. f5 $16) 18. Qf2 Na5 {
x c4} 19. Rce1 (19. Nxe6 $2 fxe6 20. Bxb6 Qc6 21. Bxa5 e3 22. Qf3 (22. Qg3 Qc5
23. Rcd1 Bc6 $19 (23... Qxa5 24. Rd7 $13)) 22... Qxf3 23. gxf3 Rxf4 24. Kg2 (
24. Bb6 $2 Bxf3+ 25. Kg1 Rg4#) 24... Raf8 $17) 19... Rad8 20. Nxe6 $2 fxe6 21.
Bxb6 e3 $1 22. Bxc7 $8 (22. Qxe3 Qc6 $19) 22... exf2 23. Rxf2 $6 (23. Re2 Bb4
24. Bxd8 (24. Na2 Be1) 24... Rxd8 25. Rexf2 Bxc3 26. bxc3 Nc4 $17) 23... Bh4
24. Ree2 Bxf2 25. Rxf2 Nc4 26. Bxd8 Rxd8 27. b3 Ne3 28. Kg1 Rc8 0-1

[Event "Porz Citroen-Cup"]
[Site "Cologne"]
[Date "1992.??.??"]
[Round "3"]
[White "Mainka, Romuald"]
[Black "Chuchelov, Vladimir"]
[Result "1-0"]
[WhiteElo "2550"]
[BlackElo "2490"]
[Annotator "Boensch,U"]
[PlyCount "63"]
[EventDate "1992.08.??"]
[EventType "tourn"]
[EventRounds "9"]
[EventCountry "GER"]
[EventCategory "9"]
[SourceTitle "CBM 031"]
[Source "ChessBase"]
[SourceDate "1992.12.01"]
[SourceVersion "1"]
[SourceVersionDate "1992.12.01"]
[SourceQuality "1"]

1. e4 c5 2. Nf3 e6 3. d4 cxd4 4. Nxd4 Nf6 5. Nc3 d6 6. Be2 a6 7. O-O Qc7 8. a4
Nc6 9. Be3 Be7 10. f4 O-O 11. Kh1 Re8 12. Bg1 Bd7 (12... Rb8 {Mainka,R-Adorjan,
A Polanica Zdroj (08) 1992 -CBM 31}) (12... Bf8 13. Qd3 Nd7 $146 14. Rad1 Nb4
15. Qg3 b6 16. f5 $14 {Pugachev,A-Rublevsky,S Rußland 1992 -Inf.54/231}) 13.
Qd3 Nxd4 14. Bxd4 e5 15. Be3 (15. fxe5 dxe5 16. Qg3 Bd8 $10) 15... exf4 16.
Bxf4 Be6 17. Rad1 Red8 18. Qg3 Ne8 19. Bd3 Bf6 20. Nd5 $5 Bxd5 21. exd5 Bxb2
22. Rde1 g6 23. Qh4 Be5 24. Re3 f6 $6 (24... Bxf4 $5 25. Rxf4 Ng7 26. Re7 (26.
Rh3 Nh5 27. Rf1 f5 28. Bxf5 Rf8 $13) (26. Qh6 Re8 $13) 26... Rd7 27. Rfxf7 Rxe7
28. Rxe7 (28. Qxe7 Qxe7 29. Rxe7 Re8 $15) 28... Qc3 $13) 25. Rg3 Qg7 (25... g5
$2 26. Bxe5 dxe5 27. Rxf6 $3 Nxf6 28. Qxg5+ Kf8 (28... Kf7 29. Qg7+ Ke8 30.
Qxf6 Qf7 (30... Qe7 31. Rg8+ Kd7 32. Bf5+ $18) 31. Qxe5+ $18) 29. Qxf6+ Qf7 30.
Qh8+ Ke7 31. Qxe5+ Kf8 (31... Kd7 32. Bf5+ $18) 32. Rf3 $18) 26. Bf5 $1 Nc7 (
26... g5 27. Qh5 Bxf4 28. Rxf4 gxf4 29. Qxh7+ Kf8 30. Rxg7 Nxg7 31. Be6 $18) (
26... b5 27. Rxg6 hxg6 28. Be6+ Kf8 29. Bh6 bxa4 30. Bxg7+ Kxg7 31. g4 $1 $18)
27. Bxe5 dxe5 28. Bxg6 $1 hxg6 29. Rxf6 $18 Rxd5 30. h3 Rd4 31. Qg5 Rd7 32.
Rxg6 {Boensch} 1-0

[Event "Rubinstein Memorial"]
[Site "Polanica Zdroj"]
[Date "1991.??.??"]
[Round "1"]
[White "Kuczynski, Robert"]
[Black "Wojtkiewicz, Aleksander"]
[Result "1-0"]
[WhiteElo "2480"]
[BlackElo "2510"]
[Annotator "Boensch,U"]
[PlyCount "67"]
[EventDate "1991.09.??"]
[EventType "tourn"]
[EventRounds "11"]
[EventCountry "POL"]
[EventCategory "11"]
[SourceTitle "CBM 026"]
[Source "ChessBase"]
[SourceDate "1992.02.01"]
[SourceVersion "1"]
[SourceVersionDate "1992.02.01"]
[SourceQuality "1"]

1. e4 {Boensch} c5 2. Nf3 d6 3. d4 cxd4 4. Nxd4 Nf6 5. Nc3 a6 6. Be2 e6 7. f4
Be7 8. O-O O-O 9. Kh1 Qc7 10. a4 Nc6 11. Be3 Re8 12. Bf3 (12. Bd3) 12... Na5 (
12... Rb8 13. Qd2 Bd7 14. Rad1 (14. Nb3 b6 15. g4 Bc8 16. g5 Nd7 17. Qg2 {N} (
17. Bg2) 17... Na5 18. Rad1 Nc4 19. Bc1 b5 20. axb5 axb5 21. Nd4 b4 22. Nce2
Bf8 $13 {Vazquez-Akopjan Santiago 1991 -Inf.52/231}) 14... Na5 15. b3 Rec8 16.
Nde2 Be8 17. Ba7 Ra8 18. Bd4 Nc6 19. Bxf6 Bxf6 20. Qxd6 Qb6 21. e5 Be7 22. Qd2
Bb4 23. Qd3 Rd8 $146 {Kamsky,G-Kasparov,G Tilburg (3) 1991 1/2 45 -CBM 26}) 13.
Qd3 e5 14. Nde2 Nc4 15. Bc1 exf4 16. Nxf4 Be6 17. Be2 Rac8 18. Qg3 Kh8 19. b3
Ne5 20. Bb2 Qa5 21. Rae1 Rc5 22. Bd1 Kg8 $6 23. Ncd5 Bxd5 24. exd5 Rec8 25. Nh5
Nxh5 26. Bxh5 g6 27. Rxe5 $1 $18 Rxc2 (27... dxe5 28. Qxe5 $18) 28. Re2 Rxb2
29. Rxb2 Bf6 30. Re2 Be5 31. Qf3 f5 (31... gxh5 32. Qxf7+ Kh8 33. Rxe5 dxe5 34.
Qf6+ Kg8 35. Qe6+ $18) 32. Bg4 Rf8 (32... fxg4 33. Qf7+ Kh8 34. Rxe5 dxe5 35.
Qf6+ Kg8 36. Qe6+ $18) 33. Bh3 Qc5 34. Qd3 1-0